| 000 | 00464nam a2200181Ia 4500 | ||
|---|---|---|---|
| 001 | 8004 | ||
| 005 | 20260306160537.0 | ||
| 008 | 260306t2017||||xx |||||||||||||| ||spa|| | ||
| 041 | _aESP | ||
| 082 |
_a370 _bZ25 |
||
| 100 |
_aZambrano Leal, Armando _eAUT |
||
| 245 | 0 |
_aLa educación, el vacío y la frivolidad: _bla pesadumbre del presente |
|
| 260 | _c2017 | ||
| 300 |
_a135 páginas : _c23 cm. |
||
| 650 | _aGEN | ||
| 654 | _aCED | ||
| 942 |
_cLIB _dJUS _fJUS _2ddc _n |
||
| 999 |
_c8004 _d8004 |
||